LEADER 01094cam0 2200253 450 001 E600200018105 005 20210923084316.0 100 $a20060509d1996 |||||ita|0103 ba 101 $aeng 102 $aBE 200 1 $a<>cave sanctuary of Zeus at Psychro$ea study of extra-urban sanctuaries in Minoan and early iron age Crete$fL.Vance Watrous$gwith a contribution by Yvonne K. Widenor 210 $aLiège$cUniversité de Liège$d1996 215 $a115 p., 31 tav. f.t.$d30 cm 700 1$aWatrous$b, Livingston Vance$3A600200035112$4070$0182961 702 1$aWidenor, Yvonne K.$3A600200036163$4070 801 0$aIT$bUNISOB$c20210923$gRICA 850 $aUNISOB 852 $aUNISOB$jLaboratorio|Archeologico$m130025 912 $aE600200018105 940 $aM 102 Monografia moderna SBN 941 $aM 957 $aLaboratorio|Archeologico$b000123$gCON$d130025$racquisto$1diguida$2UNISOB$3UNISOB$420060509122346.0$520160513125337.0$6bethb$fModalità di consultazione sulla home page della Biblioteca link Fondi 996 $aCave sanctuary of Zeus at Psychro$91689776 997 $aUNISOB LEADER 02292nam 2200409Ia 450 001 996387612203316 005 20200824125214.0 035 $a(CKB)1000000000632860 035 $a(EEBO)2248541355 035 $a(OCoLC)ocm17544378e 035 $a(OCoLC)17544378 035 $a(EXLCZ)991000000000632860 100 $a19880226d1672 uy | 101 0 $aeng 135 $aurbn||||a|bb| 200 10$aPopery anatomized, or, A learned, pious, and elaborat treatise$b[electronic resource] $ewherein many of the greatest and weightiest points of controversie, between us and papists, are handled, and the truth of our doctrine clearly proved : and the falshood of their religion and doctrine anatomized, and laid open, and most evidently convicted and confuted by Scripture, fathers, and also by some of their own popes, doctors, cardinals, and of their own writers : in answer to M. Gilbert Brown, priest /$fby that learned, singularly pious, and eminently faithful servant of Jesus Christ M. John Welsch .. 205 $aThe second edition, revised, corrected, and divided into sections$bto which is annexed A discovery of the bloody, rebellious, and treasonable principles and practises of papists ... / by Matthew Craford. 210 $aGlasgow $cBy Robert Sanders ...$d1672 215 $a[64], 519, [1] p 300 $a"Preface" signed: Matt. Craford; "Epistle dedicatory" and "To the Christian reader" signed: M. John Welsch. 300 $a"A brief discovery of the bloody, rebellious and treasonable principles and practises of papists": p. [441]-519. 300 $aOriginally published in Edinburgh, 1602, under title: A reply against Mr. Gilbert Browne, priest. Cf. NUC pre-1956 imprints. 300 $aErrata: p. [1] at end. 300 $aReproduction of original in the Union Theological Seminary Library, New York. 320 $aIncludes bibliographical references. 330 $aeebo-0160 606 $aTheology, Doctrinal 615 0$aTheology, Doctrinal. 700 $aWelch$b John$f1568?-1622.$01003059 701 2$aCraford$b Matthew$01010436 801 0$bEAH 801 1$bEAH 801 2$bWaOLN 906 $aBOOK 912 $a996387612203316 996 $aPopery anatomized, or, A learned, pious, and elaborat treatise$92337367 997 $aUNISA